Szczegóły MARC21

Der Hund ; Der Tunnel ; Die Panne : Erzählungen /

003 -Nazwa inst., której nr kontr. jest w polu 001 [,]
    • @
    • Nazwa instytucji, której n kontrolny jest w polu 001
    • NUKAT
005 -DATA I CZAS OSTATNIEJ MODYFIKACJI [,]
    • @
    • pole kontrolne
    • 20241231101545.0
020 -Międzynarod. znormalizowany nr książki - ISBN [ , ]
    • a
    • Numer ISBN
    • 3257208502 Find
040 -Instytucja sporządzająca opis [ , ]
    • a
    • Instytucja, która sporządziła opis (NP)
    • WR O/DS
    • c
    • Instytucja, która sporządziła rekord (NP)
    • WR O/DS
    • d
    • Instytucja, która zmodyfikowała rekord (P)
    • WR O/DSs
    • d
    • Instytucja, która zmodyfikowała rekord (P)
    • WR O/LC
942 -Rodzaj dokumentu [ , ]
    • c
    • Rodzaj dokumentu
    • Książka
100 -Hasło główne - nazwa osobowa [1, ]
    • a
    • Nazwa osobowa (NP)
    • Dürrenmatt, Friedrich
    • d
    • Daty biograficzne (NP)
    • (1921-1990).
    • 9
    • KHW
    • 8592
240 -Tytuł ujednolicony [1,0]
    • a
    • Tytuł ujednolicony
    • Hund
    • l
    • Język tekstu
    • (niem.)
    • 9
    • KHW
    • 449070
245 -Strefa tytułu i oznaczenia odpowiedzialności [1,4]
    • a
    • Tytuł
    • Der Hund ; Find
    • b
    • Ciąg dalszy tytułu (NP)
    • Der Tunnel ; Die Panne : Erzählungen / Find
    • c
    • Pozostałe elementy strefy tytułu i oznaczenia odpowiedzialności (NP)
    • Friedrich Dürrenmatt.
260 -Strefa adresu wydawniczego [ , ]
    • a
    • Miejsce wydania (P)
    • Zürich :
    • b
    • Nazwa wydawcy (P)
    • Diogenes,
    • c
    • Data wydania (P)
    • cop. 1985.
300 -Strefa opisu fizycznego [ , ]
    • a
    • Określenie formy książki i/lub objętość (NP)
    • 98 s. ;
    • c
    • Format (NP)
    • 18 cm.
336 -Typ zawartości [ , ]
    • a
    • Termin opisujący typ zawartości
    • Tekst
    • b
    • Kod określający zawartość
    • txt
    • 2
    • Źródło (terminu i kodu)
    • rdacontent
337 -Typ mediów [ , ]
    • a
    • Tryb odtwarzania
    • Bez urządzenia pośredniczącego
    • b
    • Kod typu mediów
    • n
    • 2
    • Źródło (terminu i kodu)
    • rdamedia
338 -Typ/rodzaj nośnika [ , ]
    • a
    • Hasło opisujące typ nośnika
    • Wolumin
    • b
    • Kod typu nośnika
    • nc
    • 2
    • Źródło (terminu i kodu)
    • rdacarrier
490 -Strefa serii i książki wielotomowej - forma nie do wyszukiwania [1, ]
    • a
    • Tytuł (P)
    • Werkausgabe in dreißig Bänden / Friedrich Dürrenmatt ; Find
    • v
    • Numeracja (P)
    • Bd. 20
490 -Strefa serii i książki wielotomowej - forma nie do wyszukiwania [1, ]
    • a
    • Tytuł (P)
    • Diogenes Taschenbuch ; Find
    • v
    • Numeracja (P)
    • 20850
830 -Hasło dodatkowe serii i opisu książki wielotomowej - tytuł ujednolicony/tytuł [ ,0]
    • a
    • Tytuł ujednolicony/tytuł (NP)
    • Diogenes Taschenbuch
    • v
    • Oznaczenie tomu (NP)
    • 20850
    • 9
    • KHW
    • 1446
080 -Uniwersalna Klasyfikacja Dziesiętna [ , ]
    • a
    • Symbol klasyfikacji
    • 830(494)-3=30
655 -Hasło w funkcji tematu formalnego [ ,7]
    • a
    • Hasło
    • Nowele szwajcarskie w języku niemieckim
    • y
    • Określnik chronologiczny
    • 20 w.
    • 2
    • Źródło terminu
    • kaba
    • 9
    • KHW
    • 481155
980 -Symbol UKD [ , ]
    • a
    • UKD
    • 830(494)-3=30
700 -Hasło dodatkowe - nazwa osobowa [1,2]
    • a
    • Nazwa osobowa (NP)
    • Dürrenmatt, Friedrich Find
    • d
    • Daty biograficzne (NP)
    • (1921-1990).
    • t
    • Tytuł ujednolicony/tytuł (NP)
    • Tunnel Find
    • l
    • Język tekstu (NP)
    • (niem.)
    • 9
    • KHW
    • 449068
700 -Hasło dodatkowe - nazwa osobowa [1,2]
    • a
    • Nazwa osobowa (NP)
    • Dürrenmatt, Friedrich Find
    • d
    • Daty biograficzne (NP)
    • (1921-1990).
    • t
    • Tytuł ujednolicony/tytuł (NP)
    • Panne Find
    • l
    • Język tekstu (NP)
    • (niem.)
    • 9
    • KHW
    • 449067
800 -Hasło dodatkowe opisu książki wielotomowej - nazwa osobowa [1, ]
    • a
    • Nazwa osobowa (NP)
    • Dürrenmatt, Friedrich
    • d
    • Daty biograficzne (NP)
    • (1921-1990).
    • t
    • Tytuł ujednolicony/tytuł (NP)
    • Werkausgabe in dreißig Bänden
    • v
    • Oznaczenie tomu (NP)
    • Bd. 20
    • 9
    • KHW
    • 438411
920 -ISBN [ , ]
    • a
    • ISBN
    • 3-257-20850-2 Find
Sygnatura Numer inwentarzowy Status udost. Data inwentaryzacji Lokalizacja
Germ. Opowiadania szwajcarskieG.10060-31995-11-13BM
 G.10061-61995-11-13BM
 G.10063-61995-11-13BM
Germ. Opowiadania szwajcarskie G.10062-31995-11-13BM
Germ. Opowiadania szwajcarskieG.10064-31995-11-13BM